|
|
|
|
| LEADER |
01363nam a2200385 a 4500 |
| 001 |
000580865 |
| 003 |
CZ BrMZK |
| 005 |
20060728130821.0 |
| 007 |
ta |
| 008 |
011207s2001 xr e f cze d |
| 015 |
|
|
|a cnb001067233
|
| 020 |
|
|
|a 80-7276-020-3
|
| 035 |
|
|
|a (OCoLC)51186758
|
| 040 |
|
|
|a BOA001
|b cze
|
| 043 |
|
|
|a e-xr---
|b e-xr-li
|2 czenas
|
| 072 |
|
7 |
|a 72
|x Architektura
|2 Konspekt
|9 21
|
| 080 |
|
|
|a 728.82
|2 MRF
|
| 080 |
|
|
|a (437.316)
|2 MRF
|
| 080 |
|
|
|a (036)
|2 MRF
|
| 100 |
1 |
|
|a Černá, Renata,
|d 1975-
|7 xx0035476
|4 aut
|
| 245 |
1 |
0 |
|a Zámek Lemberk /
|c [text: Renata Černá ; foto: Ivan Ulrych, Vladimír Kvíz]
|
| 246 |
1 |
6 |
|a Státní zámek Lemberk
|
| 260 |
|
|
|a Libice n./C. :
|b VEGA-L,
|c [2001]
|
| 300 |
|
|
|a [16] s. :
|b barev. il. ;
|c 21 cm
|
| 500 |
|
|
|a Název z obálky
|
| 500 |
|
|
|a Stránkový název: Státní zámek Lemberk
|
| 650 |
0 |
7 |
|a zámky
|7 ph127734
|z Česko
|2 czenas
|
| 655 |
|
7 |
|a informační publikace
|7 fd132454
|2 czenas
|
| 610 |
2 |
7 |
|a Lemberk (zámek)
|7 kn20031014003
|2 czenas
|
| 651 |
|
7 |
|a Jablonné v Podještědí (Česko : oblast)
|7 ge138650
|2 czenas
|
| 700 |
1 |
|
|a Ulrych, Ivan,
|d 1958-
|7 jx20040607021
|4 pht
|
| 700 |
1 |
|
|a Kvíz, Vladimír,
|d 1972-
|7 mzk2006348867
|4 pht
|
| 910 |
|
|
|a BOA001
|b 2-1094.781
|
| 990 |
|
|
|a BK
|
| 996 |
6 |
|
|b 2610149403
|c 2-1094.781
|l MZK
|r Sklad / do 1 hodiny
|n 2
|p p.v.
|w 000580865
|u 000010
|a 1
|e BOA001
|j MZK50
|s P
|